000 00709nam a22002297a 4500
005 20170124105922.0
010 _aA-644814
020 _c00.00
_a8170172969
035 _aA-644814
037 _bCen Lib/Ret
040 _aDPL
_bEN
082 _a321.070954
_bSAK
100 _aSaksena, N. S.
_979481
245 _aIndia :
_cby N. S. Saksena
_btowards anarchy 1967-1992 /
260 _aNew Delhi
_bAbhinav Publications
_c1993
270 _aE-37, Hauz Khas
_bNew Delhi
_e110016
300 _axii, 200p. :
_c21cm(Hb)
500 _aIncludes appendix and index
650 _aHistory-Political aspects
_zIndia
_979482
650 _aAnarchism
_zIndia
_979483
942 _2ddc
_cEN
_h321.070954
_mSAK
999 _c123264
_d123264